000 00617nam a2200193 i 4500
001 88563
003 ES-MaACL
007 t|
008 050105s1962 cl ||||1| spa d
100 1 _aLandsberg, Paul Ludwig.
_969975
245 1 0 _aExperiencia de la muerte /
_cpor P.L. Landsberg ; versión española de Eugenio Imaz.
260 _aSantiago de Chile :
_bCruz del Sur,
_c1962.
300 _a118 p. ;
_c17 cm.
490 1 _aRenuevos de cruz y raya ;
_v3
700 1 _aImaz, Eugenio.
_965203
830 0 _aRenuevos de cruz y raya ;
_v3
_9182716
852 _aES-MaACL
_jE-2512
_bR.55030
999 _c88563
_d88563